-
MINISTRY OF HEALTH & FAMILY WELFARE GOVERNMENT OF INDIA
Entry Personal Name
Number of records used in: 1
001 - CONTROL NUMBER
003 - CONTROL NUMBER IDENTIFIER
005 - DATE AND TIME OF LATEST TRANSACTION
- control field:
20230329145126.0
008 - FIXED-LENGTH DATA ELEMENTS
- fixed length control field:
230329|| aca||aabn | a|a d
040 ## - CATALOGING SOURCE
- Original cataloging agency:
JRU
- Transcribing agency:
JRU
100 ## - HEADING--PERSONAL NAME
- Personal name:
MINISTRY OF HEALTH & FAMILY WELFARE GOVERNMENT OF INDIA
670 ## - SOURCE DATA FOUND
- Source citation:
Work cat.: (JRU)8250: MINISTRY OF HEALTH & FAMILY WELFARE GOVERNMENT OF INDIA , NATIONAL FORMULARY OF INDIA 2021, 2021